000 01159njm a22002777a 4500
005 20100921142855.0
006 a|||||r|||||00| 0
007 sd ammalaaahaa
008 100901t xxu||||| |||| 00| 0 eng d
028 _aG/ECSD. 3089
_bEMI
035 _aGR-07078
040 _aSED
_cSED
100 _aBadayuni, Qaiser Azad
_917891
245 _aUrdu qawali /
_cby Qaiser Azad Badayuni; music by K.S. Narula
_h[Sound recording]
246 _aउर्दू कवाली / कैसर आजाद बदायुनी द्वारा
260 _aDum Dum, India
_bEMI
_c1984
300 _a1 Sound disc [Gramophone Recording] :
_banalog, 33 1/3 rpm
_c12 in. (LP)
_fGramophone Record
500 _aBrief record
500 _aRecord Labels : EMI, Black
505 _aSide-1 (Unke paon men mehandi lagi hai) (Qaiser Azad Badayuni) --Side-2 (Aye mere ham nashin chal kahin aur chal) (Qaiser Azad Badayuni)
600 _aBadayuni, Qaiser Azad
_919718
650 _aUrdu Qawali
_xExcerpts
_zIndia
_917892
700 _aNarula, K.S.
_920907
942 _2ddc
_cGR
999 _c47273
_d47273